000 00260nam a2200097Ia 4500
008 190216s9999||||xx |||||||||||||| ||und||
100 _aSooryanarayana Rao H.G
245 0 _aProse For Pleassure And Comprehension
260 _bOxford University Press
942 _cBK
999 _c13062
_d13062